El pintor que cremava els seus quadres / (Record no. 195830)

MARC details
000 -LEADER
campo de control de longitud fija 01581nam a22004335c 4500
001 - NÚMERO DE CONTROL
campo de control 195830
003 - IDENTIFICADOR DE NÚMERO DE CONTROL
campo de control SpMaBN
005 - FECHA Y HORA DE LA ÚLTIMA TRANSACCIÓN
campo de control 20250825062742.0
008 - DATOS DE LONGITUD FIJA--INFORMACIÓN GENERAL
campo de control de longitud fija 240721s2019 sp a | |||| 001 0bcat
015 ## - NÚMERO DE BIBLIOGRAFÍA NACIONAL
Número de bibliografía nacional MON19
017 ## - NÚMERO DE COPYRIGHT O DE DEPÓSITO LEGAL
Número de copyright o de depósito legal GI 484-2019
Agencia que asigna Oficina Depósito Legal Girona
020 ## - NÚMERO INTERNACIONAL ESTÁNDAR DEL LIBRO
Número Internacional Estándar del Libro 9788417660239
035 ## - NÚMERO DE CONTROL DEL SISTEMA
Número de control de sistema (OCoLC)1202786059
035 ## - NÚMERO DE CONTROL DEL SISTEMA
Número de control de sistema a6730421
040 ## - FUENTE DE CATALOGACIÓN
Centro catalogador/agencia de origen SpMaBN
Lengua de catalogación spa
Centro/agencia transcriptor SpMaBN
Normas de descripción rda
080 ## - NÚMERO DE LA CLASIFICACIÓN DECIMAL UNIVERSAL
Número de la Clasificación Decimal Universal 929 Palau Ferré, Maties
080 ## - NÚMERO DE LA CLASIFICACIÓN DECIMAL UNIVERSAL
Número de la Clasificación Decimal Universal 75 Palau Ferré, Maties
100 ## - ENTRADA PRINCIPAL--NOMBRE DE PERSONA
Nombre de persona Marco Palau, Francesc,
Fechas asociadas al nombre 1989-
Relación aut
9 (RLIN) 237570
245 13 - MENCIÓN DEL TÍTULO
Título El pintor que cremava els seus quadres /
Mención de responsabilidad, etc. Francesc Marco-Palau amb pròleg de Màrius Serra
246 0# - FORMA VARIANTE DEL TITULO
Texto de visualización Subtítulo de la cubierta :
Título propio/Titulo breve Assaig biogràfic de Maties Palau Ferré
250 ## - MENCION DE EDICION
Mención de edición Primera edició: març de 2019
264 #1 - PRODUCCIÓN, PUBLICACIÓN, DISTRIBUCIÓN, FABRICACIÓN Y COPYRIGHT
Producción, publicación, distribución, fabricación y copyright Maçanet de la Selva
Nombre del de productor, editor, distribuidor, fabricante Editorial Gregal,
Fecha de producción, publicación, distribución, fabricación o copyright [2019]
264 #4 - PRODUCCIÓN, PUBLICACIÓN, DISTRIBUCIÓN, FABRICACIÓN Y COPYRIGHT
Fecha de producción, publicación, distribución, fabricación o copyright ©2019
300 ## - DESCRIPCIÓN FÍSICA
Extensión 145 páginas
Otras características físicas ilustraciones (blanco y negro)
Dimensiones 23 cm
336 ## - TIPO DE CONTENIDO
Término de tipo de contenido Texto
Fuente rdacontent
337 ## - TIPO DE MEDIO
Nombre/término del tipo de medio sin mediación
Fuente rdamedia
338 ## - TIPO DE SOPORTE
Nombre/término del tipo de soporte volumen
Fuente rdacarrier
490 0# - MENCIÓN DE SERIE
Mención de serie Testimonis
504 ## - NOTA DE BIBLIOGRAFÍA, ETC.
Nota de bibliografía, etc. Bibliografía: páginas 141-144. Índice
600 14 - PUNTO DE ACCESO ADICIONAL DE MATERIA--NOMBRE DE PERSONA
Nombre de persona Palau Ferré, Maties,
Fechas asociadas al nombre 1921-2000
9 (RLIN) 237571
655 #0 - TERMINO DE INDIZACIÓN--GENERO/FORMA
Datos o término principal de género/forma Biografías
9 (RLIN) 176647
852 ## - LOCALIZACIÓN
Ubicación ES-MaACL
Sublocalización o colección R. 152914
Ubicación en estantería Depósito J
Número de control de estantería N-8843
Donativo/Legado Donación: editorial
Encuadernación Rústica con solapas
Nota libre En proceso
901 ## - NOMBRE PERSONAL DE POSESOR
a "ISBN"
901 ## - NOMBRE PERSONAL DE POSESOR
a MON20
942 ## - ELEMENTOS DE ENTRADA SECUNDARIOS (KOHA)
Fuente del sistema de clasificación o colocación Clasificación decimal universal
Tipo de ítem Koha Libro impreso
Suprimir en OPAC No
954 ## - CATALOGADORES
Estado de la copia Tatiana Alejandra de Castro Pérez
Holdings
Estatus retirado Estado de pérdida Fuente del sistema de clasificación o colocación Estado de daño No para préstamo Biblioteca de origen Biblioteca actual Ubicación en estantería Fecha de adquisición Fuente de adquisición Total de préstamos Signatura topográfica completa Código de barras Visto por última vez Precio de reemplazo Tipo de ítem Koha
    Clasificación decimal universal     Biblioteca del Ateneo de Madrid Biblioteca del Ateneo de Madrid Depósito J 07/03/2025 Donación   N-8843 101229539 07/03/2025 07/03/2025 Libro impreso